[Event "XV It"]
[Site "Pamplona ESP"]
[Date "2005.12.23"]
[Round "1"]
[White "Harikrishna, P."]
[Black "Timman, J."]
[Result "1/2-1/2"]
[WhiteElo "2673"]
[BlackElo "2630"]
[PlyCount "77"]
[EventDate "2005.12.23"]

1. e4 e5 2. Nf3 Nc6 3. Bc4 Nf6 4. d3 Bc5 5. c3 d6 6. Bb3 a6 7. h3 Ba7 8. Nbd2
O-O 9. Nf1 d5 10. Qe2 h6 11. g4 dxe4 12. dxe4 Nd7 13. Ng3 Nc5 14. Bc2 Ne6 15.
Nf5 Re8 16. Rg1 Nf4 17. Bxf4 exf4 18. Rd1 Qf6 19. g5 hxg5 20. Rxg5 g6 21. Nh6+
Kg7 22. Nxf7 Qxf7 23. e5 Ne7 24. Bxg6 Nxg6 25. Nh4 Bxh3 26. Nxg6 Qxg6 27. Rxg6+
Kxg6 28. Qe4+ Kg5 29. Rd5 Rad8 30. Rxd8 Rxd8 31. Qh7 Bxf2+ 32. Kxf2 Rd2+ 33.
Ke1 Rh2 34. Qg7+ Kh4 35. e6 f3 36. Qh7+ Kg4 37. Qg7+ Kh4 38. Qh7+ Kg4 39. Qg7+
1/2-1/2

[Event "XV It"]
[Site "Pamplona ESP"]
[Date "2005.12.23"]
[Round "1"]
[White "Fressinet, L."]
[Black "Ponomariov, R."]
[Result "1/2-1/2"]
[WhiteElo "2624"]
[BlackElo "2704"]
[PlyCount "87"]
[EventDate "2005.12.23"]

1. e4 e6 2. d4 d5 3. Nc3 Bb4 4. exd5 exd5 5. Bd3 Nc6 6. a3 Ba5 7. Be3 Nf6 8. h3
O-O 9. Nge2 Ne7 10. O-O c6 11. Ng3 Ng6 12. Qd2 Re8 13. Rae1 Qd6 14. f4 Bd7 15.
Qf2 Bc7 16. Nce2 Re7 17. Bd2 a5 18. f5 Rxe2 19. Rxe2 Qxg3 20. Qxg3 Bxg3 21.
fxg6 hxg6 22. Bg5 Nh7 23. Bf4 Bh4 24. Bd6 Bd8 25. c3 Ng5 26. Be7 Ne6 27. Bxd8
Rxd8 28. Ref2 Be8 29. Re1 Bd7 30. Kh2 a4 31. Ref1 Be8 32. Re1 Bd7 33. Ref1 Be8
34. h4 b6 35. Re1 Rd6 36. Bc2 c5 37. dxc5 bxc5 38. Rd2 Bc6 39. Be4 Kf8 40. Bf3
Ke7 41. Kg3 f5 42. Kf2 Kf6 43. g4 g5 44. gxf5 1/2-1/2

[Event "XV It"]
[Site "Pamplona ESP"]
[Date "2005.12.23"]
[Round "1"]
[White "Izoria, Z."]
[Black "Tiviakov, S."]
[Result "1/2-1/2"]
[WhiteElo "2646"]
[BlackElo "2700"]
[PlyCount "54"]
[EventDate "2005.12.23"]

1. e4 c5 2. Nf3 Nc6 3. d4 cxd4 4. Nxd4 g6 5. c4 Nf6 6. Nc3 d6 7. Be2 Nxd4 8.
Qxd4 Bg7 9. O-O O-O 10. Qe3 Be6 11. Bd2 Qb6 12. b3 Qxe3 13. Bxe3 Nd7 14. Rac1
Nc5 15. f3 Rfc8 16. Rfd1 a5 17. Nd5 Bxd5 18. cxd5 Bb2 19. Rc2 Ba3 20. Bb5 Na6
21. Rxc8+ Rxc8 22. Bxa6 bxa6 23. Kf1 f6 24. Ke2 a4 25. Kd3 axb3 26. axb3 Rb8
27. Rb1 Kf7 1/2-1/2

[Event "XV It"]
[Site "Pamplona ESP"]
[Date "2005.12.24"]
[Round "2"]
[White "Cheparinov, I."]
[Black "Tiviakov, S."]
[Result "1/2-1/2"]
[WhiteElo "2618"]
[BlackElo "2700"]
[PlyCount "65"]
[EventDate "2005.12.23"]

1. e4 d5 2. exd5 Qxd5 3. Nc3 Qd6 4. d4 Nf6 5. Nf3 a6 6. a3 Nbd7 7. Bd3 g6 8.
O-O Bg7 9. Re1 O-O 10. Qe2 e6 11. b4 b5 12. a4 bxa4 13. Ba3 Qc6 14. Ne4 Rd8 15.
b5 axb5 16. Be7 Ba6 17. Bxd8 Rxd8 18. Nxf6+ Nxf6 19. Reb1 Nd5 20. Bxb5 Nc3 21.
Bxc6 Bxe2 22. Rb7 Bxf3 23. Bxf3 Bxd4 24. Ra3 Be5 25. Kf1 Rd2 26. Rb2 c5 27. Ke1
Rd4 28. Rb7 Rb4 29. Bc6 h5 30. h3 h4 31. Rxb4 cxb4 32. Rxa4 Nxa4 33. Bxa4
1/2-1/2

[Event "XV It"]
[Site "Pamplona ESP"]
[Date "2005.12.24"]
[Round "2"]
[White "Ponomariov, R."]
[Black "Izoria, Z."]
[Result "1-0"]
[WhiteElo "2704"]
[BlackElo "2646"]
[PlyCount "69"]
[EventDate "2005.12.23"]

1. e4 c6 2. d4 d5 3. Nc3 dxe4 4. Nxe4 Bf5 5. Ng3 Bg6 6. h4 h6 7. Nf3 Nd7 8. h5
Bh7 9. Bd3 Bxd3 10. Qxd3 e6 11. Bf4 Qa5+ 12. Bd2 Bb4 13. c3 Be7 14. c4 Qa4 15.
d5 cxd5 16. cxd5 Nc5 17. Qe2 exd5 18. O-O Ne6 19. Nf5 Qa6 20. Qxa6 bxa6 21.
Rac1 Bf6 22. Bb4 Ne7 23. Nd6+ Kf8 24. Nf5 a5 25. Ba3 g6 26. hxg6 fxg6 27. Bxe7+
Bxe7 28. Rfe1 gxf5 29. Rxe6 Bd8 30. Rc5 Kf7 31. Rec6 Bb6 32. Rxd5 Rhc8 33. Ne5+
Ke8 34. Re6+ Kf8 35. Rxh6 1-0

[Event "XV It"]
[Site "Pamplona ESP"]
[Date "2005.12.24"]
[Round "2"]
[White "De la Riva Aguado, O."]
[Black "Harikrishna, P."]
[Result "0-1"]
[WhiteElo "2541"]
[BlackElo "2673"]
[PlyCount "54"]
[EventDate "2005.12.23"]

1. e4 c6 2. d4 d5 3. e5 Bf5 4. Nf3 e6 5. Be2 Ne7 6. O-O h6 7. b3 c5 8. dxc5
Nec6 9. Be3 Nd7 10. c4 dxc4 11. Nbd2 cxb3 12. Qxb3 Bxc5 13. Nc4 O-O 14. Qxb7
Be4 15. Bxc5 Nxc5 16. Qb5 Nd7 17. Rfd1 Rb8 18. Qa4 Qe7 19. Nfd2 Bd5 20. Ne3
Ndxe5 21. Ndf1 Rfd8 22. Rac1 Rb4 23. Qa3 Rb6 24. Rc3 Qxa3 25. Rxa3 Rb2 26. Ba6
Rxa2 27. Rxa2 Bxa2 0-1

[Event "XV It"]
[Site "Pamplona ESP"]
[Date "2005.12.25"]
[Round "3"]
[White "Harikrishna, P."]
[Black "Cheparinov, I."]
[Result "1/2-1/2"]
[WhiteElo "2673"]
[BlackElo "2618"]
[PlyCount "74"]
[EventDate "2005.12.23"]

1. d4 Nf6 2. c4 c5 3. d5 e6 4. Nc3 exd5 5. cxd5 d6 6. Nf3 g6 7. e4 a6 8. Qe2
Bg7 9. e5 dxe5 10. Qxe5+ Kf8 11. d6 Nbd7 12. Qe3 b5 13. a4 b4 14. Ne4 Bb7 15.
Nxc5 Nxc5 16. Qxc5 Nd5 17. Be2 Qd7 18. O-O Rc8 19. Qa7 Ra8 20. Qc5 Rc8 21. Qa5
Qxd6 22. Rd1 h6 23. Be3 Bf6 24. Bxa6 Qxa6 25. Qxa6 Bxa6 26. Rxd5 Bxb2 27. Rb1
Bc3 28. h3 Bc4 29. Rc5 Ke7 30. Rc1 Ba2 31. Rb5 Kf6 32. Rxc3 bxc3 33. Bd4+ Ke7
34. Bxh8 Rxh8 35. Rc5 Ra8 36. a5 c2 37. Rxc2 Rxa5 1/2-1/2

[Event "XV It"]
[Site "Pamplona ESP"]
[Date "2005.12.25"]
[Round "3"]
[White "Fressinet, L."]
[Black "De la Riva Aguado, O."]
[Result "1/2-1/2"]
[WhiteElo "2624"]
[BlackElo "2541"]
[PlyCount "83"]
[EventDate "2005.12.23"]

1. d4 d5 2. c4 c6 3. Nf3 Nf6 4. Nc3 a6 5. c5 Nbd7 6. Bf4 Nh5 7. e3 g6 8. Bd3
Nxf4 9. exf4 Bg7 10. O-O Qc7 11. Qd2 O-O 12. Rfe1 Re8 13. g3 Nf8 14. Bf1 Bg4
15. Ne5 Be6 16. h3 f6 17. Nf3 Bf7 18. h4 Rad8 19. Bh3 e6 20. Ne2 e5 21. fxe5
fxe5 22. Nxe5 Bxe5 23. dxe5 Rxe5 24. Nd4 Rde8 25. b4 Qe7 26. Rxe5 Qxe5 27. Rd1
Qf6 28. Qg5 Qg7 29. h5 h6 30. Qd2 Re7 31. a4 Be6 32. Nxe6 Nxe6 33. hxg6 Ng5 34.
Bg2 Qxg6 35. Re1 Rxe1+ 36. Qxe1 Kf8 37. Qe5 Qb1+ 38. Kh2 Qxb4 39. Qh8+ Ke7 40.
Qxh6 Nf7 41. Qe3+ Kf8 42. Bh3 1/2-1/2

[Event "XV It"]
[Site "Pamplona ESP"]
[Date "2005.12.25"]
[Round "3"]
[White "Izoria, Z."]
[Black "Timman, J."]
[Result "1-0"]
[WhiteElo "2646"]
[BlackElo "2630"]
[PlyCount "51"]
[EventDate "2005.12.23"]

1. e4 e5 2. Nf3 Nf6 3. Nxe5 d6 4. Nf3 Nxe4 5. Nc3 Nf6 6. d4 Be7 7. Bd3 Bg4 8.
h3 Bh5 9. Be3 c6 10. Qe2 O-O 11. O-O-O Re8 12. g4 Bg6 13. Ne1 d5 14. Bxg6 hxg6
15. Nd3 Qa5 16. Kb1 Bb4 17. Nxb4 Qxb4 18. h4 Nbd7 19. Qf3 Ne4 20. Nxe4 dxe4 21.
Qh3 Nb6 22. Bd2 Qb5 23. h5 Nc4 24. Bc3 gxh5 25. d5 Na3+ 26. Kc1 1-0

[Event "XV It"]
[Site "Pamplona ESP"]
[Date "2005.12.25"]
[Round "3"]
[White "Tiviakov, S."]
[Black "Ponomariov, R."]
[Result "1/2-1/2"]
[WhiteElo "2700"]
[BlackElo "2704"]
[PlyCount "134"]
[EventDate "2005.12.23"]

1. e4 c5 2. c3 Nf6 3. e5 Nd5 4. Nf3 d6 5. exd6 e6 6. d4 Bxd6 7. dxc5 Bxc5 8.
Bd3 O-O 9. Qc2 h6 10. O-O Nc6 11. Rd1 Qc7 12. a3 b6 13. Nbd2 Bb7 14. Ne4 Be7
15. c4 Nf4 16. Bf1 Rad8 17. Be3 Ng6 18. Rxd8 Rxd8 19. Re1 Nge5 20. Nxe5 Qxe5
21. Ng3 Bf6 22. b4 Qb2 23. Qxb2 Bxb2 24. Bc1 Bc3 25. Re3 Bd4 26. Rd3 a5 27. b5
Ne5 28. Rxd4 Rxd4 29. Bb2 Rxc4 30. Bxe5 Rc2 31. f3 Bd5 32. Ne4 f6 33. Bd6 Bxe4
34. fxe4 Kf7 35. e5 fxe5 36. Bxe5 Ra2 37. Bd6 Kf6 38. g3 e5 39. Bc7 Rxa3 40.
Bxb6 a4 41. Bd8+ Kf5 42. b6 Rb3 43. Bc4 Rb4 44. Bd5 a3 45. Bc7 Rb5 46. Bc4 Rb4
47. Bd5 Rb5 48. Bc4 Rb1+ 49. Kf2 Ke4 50. Bd6 Kd4 51. Bg8 Rb2+ 52. Kf1 Rxb6 53.
Bxa3 Kd3 54. Bc5 Rc6 55. Ba7 e4 56. h4 Ra6 57. Bf2 Rf6 58. Kg2 Kd2 59. Bc4 e3
60. Bxe3+ Kxe3 61. Bd5 Rd6 62. Bb7 Rd2+ 63. Kg1 Rb2 64. Bc6 Kd4 65. Bf3 Ke5 66.
Kf1 Kf5 67. Kg1 g5 1/2-1/2

[Event "XV It"]
[Site "Pamplona ESP"]
[Date "2005.12.26"]
[Round "4"]
[White "Cheparinov, I."]
[Black "Ponomariov, R."]
[Result "1/2-1/2"]
[WhiteElo "2618"]
[BlackElo "2704"]
[PlyCount "45"]
[EventDate "2005.12.23"]

1. d4 Nf6 2. c4 e6 3. Nf3 b6 4. g3 Bb7 5. Bg2 Be7 6. O-O O-O 7. d5 exd5 8. Nh4
c6 9. cxd5 Nxd5 10. Nf5 Bf6 11. e4 Ne7 12. Nd6 Ba6 13. Re1 Be5 14. f4 Bxd6 15.
Qxd6 c5 16. Nc3 Nbc6 17. Be3 Nb4 18. Qd2 d5 19. exd5 Nf5 20. Bf2 Nd3 21. Re5
Nd4 22. Re4 Nxf2 23. Kxf2 1/2-1/2

[Event "XV It"]
[Site "Pamplona ESP"]
[Date "2005.12.26"]
[Round "4"]
[White "De la Riva Aguado, O."]
[Black "Izoria, Z."]
[Result "1/2-1/2"]
[WhiteElo "2541"]
[BlackElo "2646"]
[PlyCount "32"]
[EventDate "2005.12.23"]

1. e4 c6 2. d4 d5 3. e5 Bf5 4. Nf3 e6 5. Be2 Nd7 6. O-O h6 7. Nbd2 Ne7 8. c3
Nc8 9. Ne1 Ne7 10. Nb3 Qc7 11. Be3 Bh7 12. f4 c5 13. dxc5 Nf5 14. Bf2 Bxc5 15.
Nxc5 Nxc5 16. Bb5+ Kf8 1/2-1/2

[Event "XV It"]
[Site "Pamplona ESP"]
[Date "2005.12.26"]
[Round "4"]
[White "Harikrishna, P."]
[Black "Fressinet, L."]
[Result "1-0"]
[WhiteElo "2673"]
[BlackElo "2624"]
[PlyCount "81"]
[EventDate "2005.12.23"]

1. e4 e5 2. Nf3 Nc6 3. Bb5 a6 4. Ba4 Nf6 5. O-O Be7 6. Re1 b5 7. Bb3 d6 8. c3
O-O 9. h3 Na5 10. Bc2 c5 11. d4 Qc7 12. d5 Bd7 13. Nbd2 c4 14. Nf1 Nb7 15. g4
Ne8 16. Ng3 g6 17. Nh2 Ng7 18. f4 exf4 19. Bxf4 f6 20. Nf3 Nd8 21. Nd4 Nf7 22.
Kh1 Kh8 23. Qd2 Ne5 24. Rf1 Qb7 25. Rf2 Rg8 26. Nf1 Raf8 27. Ne3 Qc8 28. Raf1
Qc7 29. Ng2 g5 30. Bg3 h5 31. Ne3 h4 32. Bh2 Qb7 33. Nf3 Be8 34. Ng2 Bg6 35.
Nxe5 dxe5 36. d6 Rd8 37. Rxf6 Ne8 38. Bxe5 Bxf6 39. Rxf6 Nxf6 40. Bxf6+ Kh7 41.
Qxg5 1-0

[Event "XV It"]
[Site "Pamplona ESP"]
[Date "2005.12.27"]
[Round "5"]
[White "Fressinet, L."]
[Black "Cheparinov, I."]
[Result "1/2-1/2"]
[WhiteElo "2624"]
[BlackElo "2618"]
[PlyCount "44"]
[EventDate "2005.12.23"]

1. e4 e5 2. Nf3 Nc6 3. Bb5 Nf6 4. d3 Bc5 5. Bxc6 dxc6 6. Be3 Bd6 7. h3 O-O 8.
Nbd2 c5 9. Nc4 Nd7 10. a4 Re8 11. O-O Nb8 12. Nfd2 Nc6 13. Nxd6 cxd6 14. f4
exf4 15. Rxf4 Ne5 16. Qh5 Ng6 17. Rf2 Be6 18. Qe2 b6 19. c4 Qd7 20. b3 a6 21.
Nf3 f6 22. Rff1 b5 1/2-1/2

[Event "XV It"]
[Site "Pamplona ESP"]
[Date "2005.12.27"]
[Round "5"]
[White "Tiviakov, S."]
[Black "De la Riva Aguado, O."]
[Result "1-0"]
[WhiteElo "2700"]
[BlackElo "2541"]
[PlyCount "69"]
[EventDate "2005.12.23"]

1. e4 e6 2. d4 d5 3. Nd2 dxe4 4. Nxe4 Nd7 5. Nf3 Ngf6 6. Nxf6+ Nxf6 7. c3 c5 8.
Be3 Qc7 9. Bd3 Bd6 10. O-O O-O 11. Qe2 b6 12. Bg5 Bb7 13. Bxf6 gxf6 14. Be4
Rfd8 15. Rad1 Bf8 16. Bxb7 Qxb7 17. Rd3 Bg7 18. Rfd1 f5 19. d5 Rxd5 20. Rxd5
exd5 21. Nh4 Qd7 22. Qd3 Re8 23. Nxf5 Qe6 24. h3 Rd8 25. Kf1 Bf8 26. Re1 Qc6
27. Re7 Qf6 28. Rxa7 Kh8 29. Qf3 d4 30. Ra8 dxc3 31. Rxd8 Qxd8 32. Qxc3+ Kg8
33. Qf3 Qd2 34. Qg3+ Kh8 35. Qc3+ 1-0

[Event "XV It"]
[Site "Pamplona ESP"]
[Date "2005.12.27"]
[Round "5"]
[White "Ponomariov, R."]
[Black "Timman, J."]
[Result "1-0"]
[WhiteElo "2704"]
[BlackElo "2630"]
[PlyCount "95"]
[EventDate "2005.12.23"]

1. e4 c6 2. d4 d5 3. e5 Bf5 4. c4 e6 5. Nc3 Nd7 6. a3 Ne7 7. c5 b6 8. b4 a5 9.
Be3 axb4 10. axb4 bxc5 11. bxc5 Rxa1 12. Qxa1 f6 13. f4 g5 14. exf6 Nxf6 15.
fxg5 Ng4 16. Bd2 Qb8 17. Nge2 h6 18. h3 hxg5 19. Bxg5 Bg6 20. Rg1 Bh6 21. Qc1
Bxg5 22. Qxg5 Nh6 23. Qf4 Qb4 24. g4 Nf7 25. Qe3 Be4 26. Bg2 e5 27. Bxe4 dxe4
28. Rg3 exd4 29. Qxd4 Qxd4 30. Nxd4 Ng5 31. Ke2 Kd7 32. Nf5 Ng6 33. Ke3 Rxh3
34. Nxe4 Rxg3+ 35. Nfxg3 Nf7 36. Nh5 Ke6 37. Kd4 Nfe5 38. Nf2 Nf3+ 39. Ke3 Nfe5
40. Ke4 Nd7 41. Nd3 Ngf8 42. g5 Kf7 43. Nhf4 Kg8 44. Kf5 Kg7 45. Ne6+ Nxe6 46.
Kxe6 Nf8+ 47. Ke7 Nh7 48. Nf4 1-0

[Event "XV It"]
[Site "Pamplona ESP"]
[Date "2005.12.28"]
[Round "6"]
[White "Cheparinov, I."]
[Black "Timman, J."]
[Result "1/2-1/2"]
[WhiteElo "2618"]
[BlackElo "2630"]
[PlyCount "43"]
[EventDate "2005.12.23"]

1. e4 e5 2. Nf3 Nf6 3. Nxe5 d6 4. Nf3 Nxe4 5. Nc3 Nf6 6. d4 Be7 7. Bd3 Bg4 8.
Be3 c6 9. h3 Bh5 10. Qd2 Bxf3 11. gxf3 Nbd7 12. O-O-O Qa5 13. Rhg1 g6 14. Rde1
O-O-O 15. Bg5 Rhe8 16. Kb1 d5 17. Qf4 Qc7 18. Qxc7+ Kxc7 19. h4 Ng8 20. Bf4+
Bd6 21. Bg5 Be7 22. Bf4+ 1/2-1/2

[Event "XV It"]
[Site "Pamplona ESP"]
[Date "2005.12.28"]
[Round "6"]
[White "Harikrishna, P."]
[Black "Tiviakov, S."]
[Result "1/2-1/2"]
[WhiteElo "2673"]
[BlackElo "2700"]
[PlyCount "54"]
[EventDate "2005.12.23"]

1. d4 Nf6 2. c4 e6 3. Nc3 Bb4 4. e3 O-O 5. Nge2 d5 6. a3 Be7 7. cxd5 Nxd5 8.
Bd2 Nd7 9. g3 N5b6 10. Bg2 c5 11. O-O Nf6 12. dxc5 Bxc5 13. Qc2 Be7 14. Rfd1
Rb8 15. Nb5 Bd7 16. Ba5 Qe8 17. Bxb6 axb6 18. Nd6 Qd8 19. Nxb7 Qc8 20. Qxc8
Rfxc8 21. Nc3 b5 22. Nd6 Rc7 23. Rac1 b4 24. axb4 Rxb4 25. Nde4 Rxb2 26. Nd5
Rxc1 27. Nexf6+ Bxf6 1/2-1/2

[Event "XV It"]
[Site "Pamplona ESP"]
[Date "2005.12.28"]
[Round "6"]
[White "Fressinet, L."]
[Black "Izoria, Z."]
[Result "1/2-1/2"]
[WhiteElo "2624"]
[BlackElo "2646"]
[PlyCount "37"]
[EventDate "2005.12.23"]

1. d4 Nf6 2. c4 e6 3. Nf3 b6 4. Nc3 Bb7 5. Bg5 h6 6. Bh4 Be7 7. Qc2 c5 8. dxc5
bxc5 9. e3 O-O 10. Be2 d6 11. O-O Nbd7 12. Rfd1 Qb6 13. Rd2 Rfd8 14. Rad1 a6
15. Ne1 Nf8 16. Bf3 Bxf3 17. Nxf3 Ng6 18. Bg3 Nh5 19. b3 1/2-1/2

[Event "XV It"]
[Site "Pamplona ESP"]
[Date "2005.12.29"]
[Round "7"]
[White "Izoria, Z."]
[Black "Cheparinov, I."]
[Result "0-1"]
[WhiteElo "2646"]
[BlackElo "2618"]
[PlyCount "74"]
[EventDate "2005.12.23"]

1. d4 d5 2. c4 c6 3. Nf3 Nf6 4. Nc3 e6 5. Bg5 dxc4 6. e4 b5 7. e5 h6 8. Bh4 g5
9. Nxg5 hxg5 10. Bxg5 Nbd7 11. exf6 Bb7 12. g3 c5 13. d5 Qb6 14. Bg2 O-O-O 15.
O-O b4 16. Na4 Qa6 17. a3 Bxd5 18. Bxd5 Ne5 19. axb4 Rxd5 20. Qe2 cxb4 21. Nc3
Ra5 22. Rxa5 Qxa5 23. Ne4 Nd3 24. Rd1 Qe5 25. Rxd3 cxd3 26. Qxd3 Qd5 27. Qc2+
Kb7 28. Bf4 e5 29. Bg5 b3 30. Qe2 Bb4 31. Kg2 a5 32. Qf3 Rd8 33. h4 a4 34. Bc1
Kb8 35. Qf5 Rc8 36. Bf4 Rc5 37. Be3 a3 0-1

[Event "XV It"]
[Site "Pamplona ESP"]
[Date "2005.12.29"]
[Round "7"]
[White "Tiviakov, S."]
[Black "Fressinet, L."]
[Result "1/2-1/2"]
[WhiteElo "2700"]
[BlackElo "2624"]
[PlyCount "29"]
[EventDate "2005.12.23"]

1. e4 e5 2. Nf3 Nc6 3. d4 exd4 4. Nxd4 Nf6 5. Nxc6 bxc6 6. Nd2 d5 7. exd5 cxd5
8. Bb5+ Bd7 9. Bxd7+ Qxd7 10. O-O Be7 11. Nf3 O-O 12. Bg5 h6 13. Bh4 Rfe8 14.
Re1 Qb5 15. b3 1/2-1/2

[Event "XV It"]
[Site "Pamplona ESP"]
[Date "2005.12.29"]
[Round "7"]
[White "Ponomariov, R."]
[Black "Harikrishna, P."]
[Result "1/2-1/2"]
[WhiteElo "2704"]
[BlackElo "2673"]
[PlyCount "30"]
[EventDate "2005.12.23"]

1. e4 c6 2. d4 d5 3. Nc3 dxe4 4. Nxe4 Bf5 5. Ng3 Bg6 6. h4 h6 7. Nf3 Nd7 8. h5
Bh7 9. Bd3 Bxd3 10. Qxd3 Ngf6 11. Bf4 e6 12. O-O-O Be7 13. Kb1 O-O 14. Ne5 Nxe5
15. Bxe5 Ng4 1/2-1/2

[Event "XV It"]
[Site "Pamplona ESP"]
[Date "2005.12.29"]
[Round "7"]
[White "Timman, J."]
[Black "De la Riva Aguado, O."]
[Result "1/2-1/2"]
[WhiteElo "2630"]
[BlackElo "2541"]
[PlyCount "45"]
[EventDate "2005.12.23"]

1. d4 d5 2. c4 c6 3. Nf3 Nf6 4. Nc3 a6 5. c5 Nbd7 6. Bg5 h6 7. Bf4 Nh5 8. Be5
Nxe5 9. Nxe5 Nf6 10. e4 Be6 11. exd5 Bxd5 12. Nxd5 Nxd5 13. Bd3 e6 14. Qh5 Qf6
15. O-O g6 16. Qd1 Bg7 17. Qb3 Qe7 18. Rae1 O-O 19. f4 Qc7 20. Kh1 Rad8 21. Bc4
Kh7 22. Qc2 Ne7 23. Rd1 1/2-1/2